000 00786nam a2200253 a 4500
001 000007210
003 DO-SdBNP
005 20250409150946.0
008 090907s1982 dr r 000 0 spa d
040 _aDO-SdBNP
_bspa
_cBNPHU
082 _a398.2097293
_bL125sa, 1982
100 1 _aLabourt, José,
_d1951-
_919935
245 1 0 _aSana, sana, culito de rana... /
_cJosé Labourt.
250 _a3a ed.
260 _aSanto Domingo :
_bTaller,
_c1982.
300 _a256 p. :
_bil. ;
_c20 cm.
490 1 _aBiblioteca Taller
_v111
650 0 _aFolclore
_zRepública Dominicana
_933448
650 4 _aLeyendas
_919936
650 4 _aArtículos de prensa
_943
651 4 _aRepública Dominicana
_xVida social y costumbres
_9405
830 0 _aBiblioteca Taller
_n111
_920008
942 _2ddc
_cLBS1
999 _c6991
_d6991